| 000 | 00550nam a2200205Ia 4500 | ||
|---|---|---|---|
| 003 | IT-RoPAU | ||
| 005 | 20220918175406.0 | ||
| 008 | 120407s9999 xx 000 0 und d | ||
| 040 | _aIT-RoPAU | ||
| 040 | _cIT-RoPAU | ||
| 100 |
_aGiuseppe Allamano _934300 |
||
| 245 | _aQuasi una vita. Lettere scritte e ricevute dal beato Giuseppe Allamano… | ||
| 260 | _aMissioni Consolata | ||
| 300 | _c cm | ||
| 490 | _v10 | ||
| 600 |
_amancano altri volumi (vol. 19 doppio) _934301 |
||
| 700 |
_aCandido Bona _934302 |
||
| 942 |
_cBK _2ddc |
||
| 999 |
_c8433 _d8433 |
||